Statistics for Monogender pokémon

Click here to take the quiz!

General Stats

  • This quiz has been taken 637 times
  • The average score is 20 of 39

Answer Stats

Answer% Correct
Nidoqueen
80%
Nidoran
80%
Nidoran
80%
Nidoking
79%
Nidorina
78%
Nidorino
78%
Gallade
70%
Blissey
60%
Chansey
60%
Froslass
59%
Jynx
57%
Tauros
57%
Happiny
56%
Miltank
56%
Vespiquen
56%
Hitmonchan
55%
Hitmonlee
55%
Hitmontop
52%
Kangaskhan
50%
Latias
50%
Latios
50%
Tyrogue
50%
Smoochum
49%
Mothim
43%
Cresselia
42%
Illumise
41%
Volbeat
41%
Wormadam
41%
Throh
36%
Sawk
35%
Braviary
34%
Landorus
34%
Mandibuzz
34%
Rufflet
34%
Thundurus
34%
Tornadus
34%
Vullaby
34%
Lilligant
31%
Petilil
31%

Score Distribution

Percentile by Number Answered

Percent of People with Each Score

Your Score History

You have not taken this quiz